<?xml version="1.0" encoding="UTF-8"?><?xml-stylesheet type="text/xsl" href="static/style.xsl"?><OAI-PMH xmlns="http://www.openarchives.org/OAI/2.0/" xmlns:xsi="http://www.w3.org/2001/XMLSchema-instance" xsi:schemaLocation="http://www.openarchives.org/OAI/2.0/ http://www.openarchives.org/OAI/2.0/OAI-PMH.xsd"><responseDate>2026-06-30T02:20:41Z</responseDate><request verb="GetRecord" identifier="oai:riubu.ubu.es:10259/8553" metadataPrefix="marc">https://riubu.ubu.es/oai/request</request><GetRecord><record><header><identifier>oai:riubu.ubu.es:10259/8553</identifier><datestamp>2024-02-02T01:05:20Z</datestamp><setSpec>com_10259_7328</setSpec><setSpec>com_10259_3989</setSpec><setSpec>com_10259.4_106</setSpec><setSpec>com_10259_2604</setSpec><setSpec>col_10259_7329</setSpec></header><metadata><record xmlns="http://www.loc.gov/MARC21/slim" xmlns:doc="http://www.lyncode.com/xoai" xmlns:xsi="http://www.w3.org/2001/XMLSchema-instance" xmlns:dcterms="http://purl.org/dc/terms/" xsi:schemaLocation="http://www.loc.gov/MARC21/slim http://www.loc.gov/standards/marcxml/schema/MARC21slim.xsd">
<leader>00925njm 22002777a 4500</leader>
<datafield tag="042" ind1=" " ind2=" ">
<subfield code="a">dc</subfield>
</datafield>
<datafield tag="720" ind1=" " ind2=" ">
<subfield code="a">García López, Beatriz</subfield>
<subfield code="e">author</subfield>
</datafield>
<datafield tag="720" ind1=" " ind2=" ">
<subfield code="a">Gómez Menéndez, Ana Isabel</subfield>
<subfield code="e">author</subfield>
</datafield>
<datafield tag="720" ind1=" " ind2=" ">
<subfield code="a">Vázquez Sánchez, Fernando</subfield>
<subfield code="e">author</subfield>
</datafield>
<datafield tag="720" ind1=" " ind2=" ">
<subfield code="a">Pérez Cabo, Eva</subfield>
<subfield code="e">author</subfield>
</datafield>
<datafield tag="720" ind1=" " ind2=" ">
<subfield code="a">Isidro Mesas, Francisco</subfield>
<subfield code="e">author</subfield>
</datafield>
<datafield tag="720" ind1=" " ind2=" ">
<subfield code="a">Zabalegui Pérez, Arturo</subfield>
<subfield code="e">author</subfield>
</datafield>
<datafield tag="720" ind1=" " ind2=" ">
<subfield code="a">Muñoz-Siscart, Ignacio</subfield>
<subfield code="e">author</subfield>
</datafield>
<datafield tag="720" ind1=" " ind2=" ">
<subfield code="a">Lloria Gil, María Carmen</subfield>
<subfield code="e">author</subfield>
</datafield>
<datafield tag="720" ind1=" " ind2=" ">
<subfield code="a">Soto Cámara, Raúl</subfield>
<subfield code="e">author</subfield>
</datafield>
<datafield tag="720" ind1=" " ind2=" ">
<subfield code="a">González Bernal, Jerónimo</subfield>
<subfield code="e">author</subfield>
</datafield>
<datafield tag="720" ind1=" " ind2=" ">
<subfield code="a">González Santos, Josefa</subfield>
<subfield code="e">author</subfield>
</datafield>
<datafield tag="720" ind1=" " ind2=" ">
<subfield code="a">Aguilar-Parra, José M.</subfield>
<subfield code="e">author</subfield>
</datafield>
<datafield tag="720" ind1=" " ind2=" ">
<subfield code="a">Trigueros Ramos, Rubén</subfield>
<subfield code="e">author</subfield>
</datafield>
<datafield tag="720" ind1=" " ind2=" ">
<subfield code="a">López Liria, Remedios</subfield>
<subfield code="e">author</subfield>
</datafield>
<datafield tag="720" ind1=" " ind2=" ">
<subfield code="a">Kjær, Troels Wesenberg</subfield>
<subfield code="e">author</subfield>
</datafield>
<datafield tag="260" ind1=" " ind2=" ">
<subfield code="c">2020</subfield>
</datafield>
<datafield tag="520" ind1=" " ind2=" ">
<subfield code="a">Super-refractory status epilepticus (SRSE) represents a neurological emergency that is characterized by a lack of response to the third line of antiepileptic treatment, including intravenous general anesthetics. It is a medical challenge with high morbidity and mortality. Electroconvulsive therapy (ECT) has been recommended as a nonpharmacologic option of treatment after other alternatives are unsuccessful. Its effect on the cessation of SRSE has been minimally investigated. The objective of this article is to analyze the effect of ECT on SRSE. For this purpose, a multidisciplinary team created a protocol based on clinical guidelines similar to those described previously by Ray et al. (2017). ECT was applied to six patients with SRSE after the failure of antiepileptic treatment and pharmacologic coma.The objective of each ECT session was to elicit a motor seizure for at least 20 s. SRSE was resolved in all patients after several days of treatment, including ECT as a therapy, without relevant adverse effects. Thus, ECT is an effective and feasible option in the treatment of SRSE, and its place in the algorithm in treatment should be studied due to the uncommon adverse effects and the noninvasive character of the therapy.</subfield>
</datafield>
<datafield tag="024" ind2=" " ind1="8">
<subfield code="a">1661-7827</subfield>
</datafield>
<datafield tag="024" ind2=" " ind1="8">
<subfield code="a">http://hdl.handle.net/10259/8553</subfield>
</datafield>
<datafield tag="024" ind2=" " ind1="8">
<subfield code="a">10.3390/ijerph17114023</subfield>
</datafield>
<datafield tag="024" ind2=" " ind1="8">
<subfield code="a">1660-4601</subfield>
</datafield>
<datafield ind1=" " ind2=" " tag="653">
<subfield code="a">Electroconvulsive therapy</subfield>
</datafield>
<datafield ind1=" " ind2=" " tag="653">
<subfield code="a">ECT</subfield>
</datafield>
<datafield ind1=" " ind2=" " tag="653">
<subfield code="a">Super refractory status epilepticus</subfield>
</datafield>
<datafield ind1=" " ind2=" " tag="653">
<subfield code="a">Antiepileptic treatment</subfield>
</datafield>
<datafield tag="245" ind1="0" ind2="0">
<subfield code="a">Electroconvulsive Therapy in Super Refractory Status Epilepticus: Case Series with a Defined Protocol</subfield>
</datafield>
</record></metadata></record></GetRecord></OAI-PMH>